| 000 | 00485nam a22001697a 4500 | ||
|---|---|---|---|
| 003 | CEME | ||
| 005 | 20210628203222.0 | ||
| 008 | 210120b xxu||||| |||| 00| 0 eng d | ||
| 020 | _a0-07-247187-5 | ||
| 040 | _cceme | ||
| 082 | _a005.3 INT | ||
| 100 |
_aLaudon , Kenneth .C, Rosenblatt, Kenneth, Pickering , Robin _964068 |
||
| 245 | _aInteractive computing microsoft office xp | ||
| 260 |
_aNEW YORK _bMCGRAW HILL _c2002 |
||
| 650 |
_aMICROSOFT OFFICE XP _962849 |
||
| 942 |
_cBK _2ddc |
||
| 999 |
_c572702 _d572702 |
||